<?xml version="1.0" encoding="UTF-8"?>
<record
    xmlns:xsi="http://www.w3.org/2001/XMLSchema-instance"
    xsi:schemaLocation="http://www.loc.gov/MARC21/slim http://www.loc.gov/standards/marcxml/schema/MARC21slim.xsd"
    xmlns="http://www.loc.gov/MARC21/slim">

  <leader>00609nam a2200169Ia 4500</leader>
  <controlfield tag="008">090711s9999    xx            000 0 und d</controlfield>
  <datafield tag="082" ind1=" " ind2=" ">
    <subfield code="b">246</subfield>
  </datafield>
  <datafield tag="100" ind1=" " ind2=" ">
    <subfield code="a">&#x91C;&#x93E;&#x927;&#x935; &#x930;&#x93E;. &#x917;. / &#x917;&#x941;&#x902;&#x921;&#x940; &#x928;&#x940;&#x932;&#x93F;&#x92E;&#x93E;</subfield>
  </datafield>
  <datafield tag="245" ind1=" " ind2=" ">
    <subfield code="a">S&#x94C;&#x924;&#x928;&#x94D;&#x92F;&#x935;&#x947;&#x932;</subfield>
  </datafield>
  <datafield tag="260" ind1=" " ind2=" ">
    <subfield code="b">&#x938;&#x94D;&#x928;&#x947;&#x939;&#x935;&#x930;&#x94D;&#x927;&#x928; &#x92A;&#x94D;&#x930;&#x915;&#x93E;&#x936;&#x928;</subfield>
    <subfield code="c">1998</subfield>
  </datafield>
  <datafield tag="300" ind1=" " ind2=" ">
    <subfield code="a">128</subfield>
  </datafield>
  <datafield tag="600" ind1=" " ind2=" ">
    <subfield code="a">&#x91C;&#x93E;&#x927;&#x935; &#x930;&#x93E;. &#x917;. / &#x917;&#x941;&#x902;&#x921;&#x940; &#x928;&#x940;&#x932;&#x93F;&#x92E;&#x93E;</subfield>
  </datafield>
  <datafield tag="630" ind1=" " ind2=" ">
    <subfield code="a">S&#x94C;&#x924;&#x928;&#x94D;&#x92F;&#x935;&#x947;&#x932;</subfield>
  </datafield>
  <datafield tag="700" ind1=" " ind2=" ">
    <subfield code="a">&#x91C;&#x93E;&#x927;&#x935; &#x930;&#x93E;. &#x917;. / &#x917;&#x941;&#x902;&#x921;&#x940; &#x928;&#x940;&#x932;&#x93F;&#x92E;&#x93E;</subfield>
  </datafield>
  <datafield tag="730" ind1=" " ind2=" ">
    <subfield code="a">S&#x94C;&#x924;&#x928;&#x94D;&#x92F;&#x935;&#x947;&#x932;</subfield>
  </datafield>
  <datafield tag="942" ind1=" " ind2=" ">
    <subfield code="c">BOOK</subfield>
  </datafield>
  <datafield tag="999" ind1=" " ind2=" ">
    <subfield code="c">335166</subfield>
    <subfield code="d">335166</subfield>
  </datafield>
</record>
